<?xml version="1.0" encoding="UTF-8"?><?xml-stylesheet type="text/xsl" href="static/style.xsl"?><OAI-PMH xmlns="http://www.openarchives.org/OAI/2.0/" xmlns:xsi="http://www.w3.org/2001/XMLSchema-instance" xsi:schemaLocation="http://www.openarchives.org/OAI/2.0/ http://www.openarchives.org/OAI/2.0/OAI-PMH.xsd"><responseDate>2026-04-27T22:02:38Z</responseDate><request verb="GetRecord" identifier="oai:uvadoc.uva.es:10324/24231" metadataPrefix="marc">https://uvadoc.uva.es/oai/request</request><GetRecord><record><header><identifier>oai:uvadoc.uva.es:10324/24231</identifier><datestamp>2021-06-23T11:49:06Z</datestamp><setSpec>com_10324_1185</setSpec><setSpec>com_10324_931</setSpec><setSpec>com_10324_894</setSpec><setSpec>col_10324_1346</setSpec></header><metadata><record xmlns="http://www.loc.gov/MARC21/slim" xmlns:doc="http://www.lyncode.com/xoai" xmlns:xsi="http://www.w3.org/2001/XMLSchema-instance" xmlns:dcterms="http://purl.org/dc/terms/" xsi:schemaLocation="http://www.loc.gov/MARC21/slim http://www.loc.gov/standards/marcxml/schema/MARC21slim.xsd">
<leader>00925njm 22002777a 4500</leader>
<datafield tag="042" ind1=" " ind2=" ">
<subfield code="a">dc</subfield>
</datafield>
<datafield tag="720" ind1=" " ind2=" ">
<subfield code="a">Barrado Esteban, Enrique</subfield>
<subfield code="e">author</subfield>
</datafield>
<datafield tag="720" ind1=" " ind2=" ">
<subfield code="a">Rodríguez, José Antonio</subfield>
<subfield code="e">author</subfield>
</datafield>
<datafield tag="720" ind1=" " ind2=" ">
<subfield code="a">Hernández, Prisciliano</subfield>
<subfield code="e">author</subfield>
</datafield>
<datafield tag="720" ind1=" " ind2=" ">
<subfield code="a">Castrillejo Hernández, María Yolanda</subfield>
<subfield code="e">author</subfield>
</datafield>
<datafield tag="260" ind1=" " ind2=" ">
<subfield code="c">2016</subfield>
</datafield>
<datafield tag="520" ind1=" " ind2=" ">
<subfield code="a">The electrochemical behavior of Cu(I) and Cu(II) species in the ionic liquid 1-buthyl-3-methylimidazolium chloride, BMIMCl, on a platinum electrode in the interval of 333–363 K, has been investigated. Experiments per-formed in a controlled N2 atmosphere cell show that: (i) Cu(I) can be oxidized to Cu(II) and reduced to Cu(0), and (ii) Cu(II) can be reduced to Cu(I) by copper metal according to a comproportionation reaction whose constant has been calculated.&#xd;
The diffusion coefﬁcients of Cu(I) and Cu(II) have been obtained by different electrochemical techniques. The dimensionless Schmidt numbers (Sc = ν/D) were also calculated to characterize the solute global mass transport through its environment. The kinetic parameters for the quasi-reversible electrochemical exchange Cu(II)/Cu(I) (i.e. the intrinsic rate constant of charge transfer, k0, and the charge transfer coefﬁcient, α), as well as the reversible half wave potential, Er1/2, have been obtained for the ﬁrst time in the mentioned ionic liquid, by simulation of the cyclic voltammograms and logarithmic analysis of the convoluted curves.&#xd;
The apparent standard potential of the electrochemical system Cu(I)/Cu(0) has been determined by potentiometry. Founding that nucleation and crystal growth plays an important role in the electrodeposition of metallic Cu onto the Pt surface. Experimental current–time transients followed the theoretical models based on instantaneous nucleation with three-dimensional growth of the nuclei at the studied temperatures. Electro-deposits of copper were obtained by potentiostatic electrolysis and analyzed by scanning electron microscopy with EDAX.</subfield>
</datafield>
<datafield tag="024" ind2=" " ind1="8">
<subfield code="a">Journal of Electroanalytical Chemistry 768 (2016) 89–101</subfield>
</datafield>
<datafield tag="024" ind2=" " ind1="8">
<subfield code="a">1572-7657</subfield>
</datafield>
<datafield tag="024" ind2=" " ind1="8">
<subfield code="a">http://uvadoc.uva.es/handle/10324/24231</subfield>
</datafield>
<datafield tag="024" ind2=" " ind1="8">
<subfield code="a">10.1016/j.jelechem.2016.02.034</subfield>
</datafield>
<datafield tag="024" ind2=" " ind1="8">
<subfield code="a">89</subfield>
</datafield>
<datafield tag="024" ind2=" " ind1="8">
<subfield code="a">101</subfield>
</datafield>
<datafield tag="024" ind2=" " ind1="8">
<subfield code="a">Journal of Electroanalytical Chemistry</subfield>
</datafield>
<datafield tag="024" ind2=" " ind1="8">
<subfield code="a">768</subfield>
</datafield>
<datafield tag="245" ind1="0" ind2="0">
<subfield code="a">Electrochemical behaviour of copper species in the 1-buthyl-3-methyl-imidazolium chloride (BMIMCl) ionic liquid on a Pt electrode</subfield>
</datafield>
</record></metadata></record></GetRecord></OAI-PMH>